Modelo de preparación de personal de enfermería de nivel intermedio simultáneo al bachillerato (Record no. 72910)

MARC details
000 -CABECERA
campo de control de longitud fija 00665nam a2200205 a 4500
005 - FECHA Y HORA DE LA ÚLTIMA TRANSACCIÓN
campo de control 20210219153258.0
008 - ELEMENTOS DE LONGITUD FIJA--INFORMACIÓN GENERAL
campo de control de longitud fija 991125n 000 0 u
035 ## - NÚMERO DE CONTROL DEL SISTEMA
Número de control de sistema UPN01000088237
222 ## - TÍTULO CLAVE
Título clave REVISTA DE LA EDUCACION SUPERIOR
245 ## - MENCIÓN DE TÍTULO
Título Modelo de preparación de personal de enfermería de nivel intermedio simultáneo al bachillerato
300 ## - DESCRIPCIÓN FÍSICA
Extensión 47-69
362 ## - FECHAS DE PUBLICACIÓN Y/O DESIGNACIÓN SECUENCIAL
Fecha de publicación y/o designación secuencial 1975 Vol. 4, no. 1, ene.-mar.
653 0# - TERMINO DE INDIZACION - NO CONTROLADO
Término no controlado EDUCACION SANITARIA
653 0# - TERMINO DE INDIZACION - NO CONTROLADO
Término no controlado IMSS
653 0# - TERMINO DE INDIZACION - NO CONTROLADO
Término no controlado INSTITUTO DE SEGURIDAD Y SERVICIOS SOCIALES DE LOS TRABAJADORES DEL ESTADO (MEXICO)
653 0# - TERMINO DE INDIZACION - NO CONTROLADO
Término no controlado LEXICO
653 0# - TERMINO DE INDIZACION - NO CONTROLADO
Término no controlado REFORMA EDUCATIVA
904 ## - ELEMENTOS DE DATOS D LOCAL, LDD (RLIN)
a AC
b 026048
905 ## - TIPO DE MATERIAL
Tipo de material Articulo

No items available.